Score 0/16 Timer 05:00
0 Plays Today
Question Answer Wrong Answers
My poor, purple pants...
I've torn through so many pairs
Each time I'm angry.
Bruce Banner
82.6%
Matt Murdock
5.7%
Hal Jordan
5.6%
Ben Grimm
5.7%
This team demonstrates
Many ways to be a man.
Aqua, Super, Bat.
Justice League
78.2%
The Avengers
6.7%
X-Men
6%
Legion of Super-Heroes
7.5%
Vocabulary,
Not this guardian's strong suit.
Yes, we heard your name.
Groot
75.7%
Drax the Destroyer
9.2%
Rocket Raccoon
6.5%
Gamora
6.2%
Whosoever holds
This great, thundering weapon
Wields godly power.
Mjolnir
74.4%
Lasso of Truth
6.2%
Spear of Destiny
8.7%
Excelsior
10.5%
House full of catnip,
A leather-clad cosplay queen.
Litter box beware!
Selina Kyle
72.4%
Ororo Munroe
6%
Pamela Isley
7.2%
Vicki Vale
9.9%
A dying format,
Newsprint can't even be saved
By a super man.
The Daily Planet
71.6%
The Daily Bugle
11.3%
The Gotham Chronicle
6.3%
The Daily Prophet
7.2%
Logan's skeleton
Described in one adjective:
Indestructible.
Adamantium
70.2%
Dilithium
6.9%
Kryptonite
7.9%
Vibranium
13.8%
Moustached defender,
Wielder of the Batsignal,
Father of Batgirl.
James Gordon
70.1%
Harvey Dent
9.3%
Lucius Fox
7.2%
Dick Grayson
10%
Lurking in twilight,
Blacker than shadow, it prowls
Seeking a new host.
Venom
69.3%
Darkseid
11.9%
Thanos
7.2%
Hobgoblin
8.5%
It turned a frail man
To Captain America.
One hell of a drug!
Super Soldier Serum
65.9%
Mutant Growth Hormone
6.8%
Infinity Formula
7.5%
Compound X07
15.7%
Can I bum a ride?
Parked my invisible jet
And cannot find it.
Wonder Woman
62.5%
Batman
7.4%
The Fantastic Four
12.3%
Professor X
12.8%
Demonic bargain:
A murdered man shall return
From the depths of Hell.
Spawn
62.4%
Deadpool
16.4%
Ozymandias
8.5%
Lobo
8.2%
Here, grace is crudeness,
Hideousness is revered,
And weakness is strength.
Bizarro World
61.4%
Krypton
11.8%
Earth-Two
10.9%
Earth X
10.8%
Power is a curse.
She must not touch those she loves.
Sad, mutant sponge girl.
Rogue
60.7%
Mystique
14.4%
Jean Grey
12%
Psylocke
8.2%
Great Eater-of-Worlds
With his ravening hunger,
Devours Uranus.
Galactus
60.6%
Ultron
16.4%
Mogo
6.6%
Juggernaut
10.7%
Web-slinger's first book
Is a rare treasure indeed.
Worth more than my house.
Amazing Fantasy #15
41.4%
Detective Comics #27
10.5%
Action Comics #1
28.7%
All-American Comics #16
12.8%

You're not logged in!

Compare scores with friends on all Sporcle quizzes.
OR
Log In

Sporcle TV

Today on Sporcle TV


Watch our educational content, quiz creation guides, and fun videos on Sporcle TV.

Show Comments

Extras

Top Quizzes Today


Score Distribution

Paid Content

Your Account Isn't Verified!

In order to create a playlist on Sporcle, you need to verify the email address you used during registration. Go to your Sporcle Settings to finish the process.

Report this User

Report this user for behavior that violates our Community Guidelines.

Details: